000
00229nam a22000857a 4500
008
161108b xxu||||| |||| 00| 0 eng d
100
_9
1102
_a
Gopinath. G
245
_a
The Brain : A Precious Possession
260
_a
New Delhi
_b
N B T
_c
2006
999
_c
3763
_d
3763